<The> New Forms of Employment <A> Comparative Report

Salvato in:
Dettagli Bibliografici
Enti autori: European Commission, Institutul pentru Politici Publice (IPP), Výzkumný ústav práce a sociálních věcí
Natura: Libro
Lingua:inglese
Pubblicazione: Bucureşti Institutul pentru Politici Publice [2019]
Soggetti:
Tags: Aggiungi Tag
Nessun Tag, puoi essere il primo ad aggiungerne!!

MARC

LEADER 00000nam a2200000 4500
001 0258822
005 20240221115208.6
041 0 |a eng 
044 |a RO 
245 1 0 |a <The> New Forms of Employment  |b <A> Comparative Report 
264 1 |a Bucureşti  |b Institutul pentru Politici Publice  |c [2019] 
300 |a 197 s. 
610 2 0 |a zamestnanosť 
610 2 0 |a legislatíva 
610 2 0 |a zmluvy pracovné 
610 2 0 |a formy zamestnávania 
610 2 0 |a miesta pracovné 
610 2 0 |a analýzy 
610 2 0 |a priemysel 
610 2 0 |a porovnanie štatistické medzinárodné 
610 2 0 |a Bulharsko 
610 2 0 |a Chorvátsko 
610 2 0 |a Česko 
610 2 0 |a Macedónsko 
610 2 0 |a Poľsko 
610 2 0 |a Rumunsko 
110 2 |a European Commission 
710 2 |a Institutul pentru Politici Publice (IPP) 
710 2 |a Výzkumný ústav práce a sociálních věcí